书目信息 |
| 题名: |
阿诺尔德·索末菲传
|
|
| 作者: | 埃克特 著 ;方在庆 , 何钧 主译 | |
| 分册: | ||
| 出版信息: | 长沙 湖南科学技术出版社 2018.04 |
|
| 页数: | 11, 536页 | |
| 开本: | 24cm | |
| 丛书名: | ||
| 单 册: | ||
| 中图分类: | K835.166.11=532 | |
| 科图分类: | ||
| 主题词: | 物理学家--wu li xue jia--传记--德国--现代 | |
| 电子资源: | ||
| ISBN: | 978-7-5357-9249-5 | |
| 000 | 01317nam0 2200325 450 | |
| 001 | CAL 009047219 | |
| 005 | 20180627092342.6 | |
| 010 | @a978-7-5357-9249-5@b精装@dCNY98.00 | |
| 100 | @a20180625d2018 em y0chiy50 ea | |
| 101 | 1 | @achi@cger |
| 102 | @aCN@b430000 | |
| 105 | @aa a 001yb | |
| 106 | @ar | |
| 200 | 1 | @a阿诺尔德·索末菲传@Aa nuo er de · suo mo fei zhuan@d= Arnold Sommerfeld@e原子物理学家与文化信使@f(德) 米夏埃尔·埃克特著@F( de ) mi xia ai er· ai ke te zhu@g方在庆, 何钧主译@zger |
| 210 | @a长沙@c湖南科学技术出版社@d2018.04 | |
| 215 | @a11, 536页@c图@d24cm | |
| 312 | @a英文其他题名取自版权页 | |
| 320 | @a有书目和索引 | |
| 330 | @a本书作者基于内容丰富的往来通信, 重构了现代原子物理学和量子理论奠基者阿诺尔德·索末菲的一生。 | |
| 500 | 10 | @aArnold Sommerfeld : Atomphysiker Und Kulturbote@mChinese |
| 517 | 1 | @a原子物理学家与文化信使@Ayuan zi wu li xue jia yu wen hua xin shi |
| 586 | @a | |
| 600 | 1 | @a索末菲@Asuo mo fei@g(Sommerfeld, Arnold),@f1868-1951@x传记 |
| 606 | 0 | @a物理学家@Awu li xue jia@x传记@y德国@z现代 |
| 690 | @aK835.166.11=532@v5 | |
| 701 | 1 | @a埃克特@Aai ke te@g(Eckert, Michael),@f1949-@4著 |
| 702 | 0 | @a方在庆@Afang zai qing@4主译 |
| 702 | 0 | @a何钧@Ahe jun@4主译 |
| 801 | 0 | @aCN@c20180625 |
| 905 | @a河南城建学院图书馆@dK835.166.11=532@eA276@f2 | |
| 阿诺尔德·索末菲传= Arnold Sommerfeld:原子物理学家与文化信使/(德) 米夏埃尔·埃克特著/方在庆, 何钧主译.-长沙:湖南科学技术出版社,2018.04 |
| 11, 536页:图;24cm |
| ISBN 978-7-5357-9249-5(精装):CNY98.00 |
| 本书作者基于内容丰富的往来通信, 重构了现代原子物理学和量子理论奠基者阿诺尔德·索末菲的一生。 |
| ● |
| 相关链接 |
|
|
|
正题名:阿诺尔德·索末菲传
索取号:K835.166.11=532/A276
 
预约/预借
| 序号 | 登录号 | 条形码 | 馆藏地/架位号 | 状态 | 备注 |
| 1 | 1416607 | 214166070 | 社科库309/309社科库 100排4列4层/ [索取号:K835.166.11=532/A276] | 在馆 | |
| 2 | 1416608 | 214166089 | 社科库309/309社科库 100排4列4层/ [索取号:K835.166.11=532/A276] | 在馆 |